Health, medicine and empire: perspectives on colonial India (Record no. 400319)

000 -LEADER
fixed length control field 00504cam a22001577a 4500
008 - FIXED-LENGTH DATA ELEMENTS--GENERAL INFORMATION
fixed length control field 180718b2001 xxu||||| |||| 00| 0 eng d
020 ## - INTERNATIONAL STANDARD BOOK NUMBER
International Standard Book Number 8125020179
082 ## - DEWEY DECIMAL CLASSIFICATION NUMBER
Classification number A6x54 P272
245 ## - TITLE STATEMENT
Title Health, medicine and empire: perspectives on colonial India
Statement of responsibility, etc. edited by Biswamoy Pati and Mark Harrison
260 ## - PUBLICATION, DISTRIBUTION, ETC.
Place of publication, distribution, etc. New Delhi
Name of publisher, distributor, etc. Orient Longman
Date of publication, distribution, etc. 2001
300 ## - PHYSICAL DESCRIPTION
Extent 408p.
440 ## - SERIES STATEMENT/ADDED ENTRY--TITLE
Title New Perspectices in South Asian History 1
650 ## - SUBJECT ADDED ENTRY--TOPICAL TERM
Topical term or geographic name entry element India - History
700 ## - ADDED ENTRY--PERSONAL NAME
Personal name Harrison, Mark
700 ## - ADDED ENTRY--PERSONAL NAME
Personal name Pati, Biswamoy
Holdings
Withdrawn status Lost status Damaged status Not for loan Permanent Location Current Location Date acquired Full call number Barcode Date last seen Price effective from Koha item type
        Indian Institute of Public Administration Indian Institute of Public Administration 2002-10-23 A6x54 P272 78029 2018-07-21 2018-07-21 Book

Powered by Koha